000 01205nam a22002537a 4500
005 20091219110145.0
008 091209t xxu||||| |||| 00| 0 hin d
010 _aHIN-88848
020 _c250.00
_a9788190523851
035 _aHN-61194
037 _bDBAD / PUB
040 _aDPL
_bHN
082 _a230.35
100 _aभोला, रचना 'यामिनी'
_926231
245 _aभारतीय संतों की जीवन गाथा /
_cरचना भोला 'यामिनी'
246 _aBharatiya Santon Ki Jeewan Gatha/
_bby Rachana Bhola Yamini
260 _aदिल्ली
_bपद्मिनी बुक्स
_c2009
270 _aW A,,173, हनुमान मंदिर मार्ग, शकरपुर
_bदिल्ली
_e110092
_k011 65426615
300 _a144पृ
_c22सेमी (सजिल्द)
650 _aसंत
_zभारत
_926232
650 _aSaint
_zIndia
_926233
942 _2ddc
_cHN
_h230.35
_mभोलार
999 _c33386
_d33386